000 00420nam a2200181Ia 4500
001 19816
005 20260306172720.0
008 260306t2006||||xx |||||||||||||| ||spa||
041 _aESP
082 _a341.1
_bP78
100 _aPortela Rosso, Jorge Guillermo
_eAUT
245 0 _aLa justicia y el derecho natural
260 _c2006
300 _a
_c
650 _aGEN
654 _aCDE
942 _cLIB
_dJUS
_fJUS
_2ddc
_n
999 _c19816
_d19816